000 01506nam a2200361 i 4500
003 EG-GICUC
005 20260512190248.0
008 260512r2023 |||||||fr|||| 000 0 ara d
017 _a2022/29139
020 _a978/977/94/4448/2
040 _a EG-GICUC
_c EG-GICUC
_d EG-GICUC
_erda
_bara
041 0 _aara
082 0 4 _221
_a343.432
_bع ب . ت
092 0 4 _221
099 _aLaw1 10 343.432 ع ب . ت 2023
100 0 _aعبدالله قنديل.
_eمؤلف.
245 1 0 _aتشريعات المرور :
_bضوابط التسبيب والقيود والأوصاف التأديبية لكافة الجرائم في مجال تشغيل المركبات الحكومية والقطاع العام "دراسة تطبيقية" /
_cعبدالله قنديل.
250 _aالطبعة الثانية.
264 0 _a[القاهرة] ؛
_c2023.
300 _a763 صفحة، صفحات غير مرقمة :
_bجداول ؛
_c24 سم.
336 _2rda content
_atext
337 _2rda media
_aComputer
338 _2rda carrier
_aOnline Resource
500 _aحقوق الطبع والنشر محفوظة للمؤلف.
504 _aببليوجرافيا: صفحات 752.
504 _aيشتمل على إرجاعات ببليوجرافية.
546 _aالنص باللغة العربية
650 1 _2التشريع الخاص بالمرور
651 1 _2qrmak
856 4 0 _uhttps://fll.law.cu.edu.eg/fulltext/bks/B10-09255.pdf
905 _a62
942 _2ddc
_n0
_cBK
_e21
999 _c76695
_d76695